Desarrollo de un modelo de aseguramiento de la calidad para los procesos de servicio al cliente de la Empresa de Servicios Públicos de Heredia
Kaydedildi:
| Yazar: | |
|---|---|
| Diğer Yazarlar: | , |
| Materyal Türü: | Kitap |
| Baskı/Yayın Bilgisi: |
San José, C.R.
2000
|
| Konular: | |
| Etiketler: |
Etiketle
Etiket eklenmemiş, İlk siz ekleyin!
|
MARC
| LEADER | 00000nam a2200000Ia 4500 | ||
|---|---|---|---|
| 003 | 010108 | ||
| 005 | 20221231144210.0 | ||
| 008 | 140114s2000 cr a 000 ||s d | ||
| 040 | |c cru CEDI | ||
| 090 | |a TFG 4123 | ||
| 100 | |a Argumedo Carvajal, David |9 8273 | ||
| 245 | |a Desarrollo de un modelo de aseguramiento de la calidad para los procesos de servicio al cliente de la Empresa de Servicios Públicos de Heredia | ||
| 260 | |c 2000 |a San José, C.R. | ||
| 300 | |a xix, 265 hojas | ||
| 500 | |a Tesis (licenciatura en ingeniería industrial)--Universidad de Costa Rica. Facultad de Ingeniería. Escuela de Ingeniería Industrial | ||
| 650 | |x EMPRESA DE SERVICIOS PUBLICOS DE HEREDIA (COSTA RICA) |x SATISFACCION DEL CLIENTE |x COMPETITIVIDAD |x SERVICIO AL CLIENTE |x CONTROL DE CALIDAD |x CAMBIO ORGANIZACIONAL |9 8275 | ||
| 700 | |9 8274 |a Sánchez Campos, Pablo Andrés | ||
| 700 | |9 8276 |a Valverde Solano, Juan Carlos | ||
| 942 | |c TFG | ||
| 999 | |c 18326 |d 18326 | ||
